Public finance (Record no. 395971)

MARC details
000 -LEADER
fixed length control field 00512 a2200217 4500
005 - DATE & TIME
control field 20260310123703.0
008 - FIXED-LENGTH DATA ELEMENTS--GENERAL INFORMATION
fixed length control field 260310b |||||||| |||| 00| 0 eng d
020 ## - ISBN
International Standard Book Number 9789359300498
Price Rs. 650.00
040 ## - CATALOGING SOURCE
Original cataloging agency VIVEKANANDA LIBRARY
082 ## - DDC NUMBER
Classification number 336
Book Number B469P(33)
100 ## - MAIN ENTRY--PERSONAL NAME
Personal name Bhatia, H L
110 ## - MAIN ENTRY--CORPORATE NAME
Corporate name Bhatia, H L
245 ## - TITLE STATEMENT
Title Public finance
250 ## - EDITION STATEMENT
Edition statement 33rd
260 ## - PUBLICATION, DISTRIBUTION, ETC. (IMPRINT)
Name of publisher, distributor, etc Vikas Publishing House
Date of publication, distribution, etc 2025
Place of publication, distribution, etc Noida
300 ## - PHYSICAL DESCRIPTION
Pages 604
650 ## - Subject
Subject Economics
650 ## - Subject
Subject Finance
650 ## - Subject
Subject Public Policy
942 ## - ADDED ENTRY ELEMENTS (KOHA)
Koha item type Books
Holdings
Withdrawn status Lost status Source of classification or shelving scheme Damaged status Not for loan Location (home branch) Sublocation or collection (holding branch) Shelving location Date acquired Koha issues (times borrowed) Koha full call number Accession No. Koha date last seen Koha item type
    Dewey Decimal Classification     VIVEKANANDA LIBRARY VIVEKANANDA LIBRARY Vivekananda Library 18/02/2026   336 B469P(33) 438417 18/02/2026 Books
    Dewey Decimal Classification     VIVEKANANDA LIBRARY VIVEKANANDA LIBRARY Vivekananda Library 18/02/2026   336 B469P(33) 438416 18/02/2026 Books
© Designed and Maintained by Vivekananda Library, MDU Rohtak